[Event "Verbandsliga Suedbaden 2122"]
[Site "Baden"]
[Date "2022.05.22"]
[Round "5.3"]
[White "Schmitt, Anatole"]
[Black "Schulte, Juergen"]
[Result "0-1"]
[WhiteElo "1957"]
[BlackElo "2043"]
[PlyCount "118"]
[EventDate "2021.10.10"]
[EventType "team-tourn"]
[EventRounds "9"]
[EventCountry "GER"]
[SourceTitle "EXT 2023"]
[Source "ChessBase"]
[SourceDate "2022.10.05"]
[SourceVersion "1"]
[SourceVersionDate "2022.10.05"]
[SourceQuality "1"]
[WhiteTeam "Heitersheim"]
[BlackTeam "Oberwinden"]
[WhiteTeamCountry "GER"]
[BlackTeamCountry "GER"]

1. d4 d5 2. Nf3 e6 3. g3 Nf6 4. Bg2 b5 5. 0-0 Be7 6. a4 b4 7. Nbd2 0-0 8. Re1 Bb7 9. Nb3 Nbd7 10. Na5 Rb8 11. Nxb7 Rxb7 12. Bf4 c5 13. c4 bxc3 14. bxc3 c4 15. Nd2 Nh5 16. e4 Nxf4 17. gxf4 dxe4 18. Bxe4 Rc7 19. f5 Bd6 20. Qg4 Nf6 21. Qf3 Nd5 22. Kh1 Qh4 23. Nf1 Nf6 24. Ng3 Re7 25. Bc2 Rfe8 26. Kg2 e5 27. Rac1 e4 28. Qe2 e3 29. h3 Nd5 30. Qg4 Nf4+ 31. Kh2 Qxg4 32. hxg4 exf2 33. Rxe7 Rxe7 34. Ne4 Bc7 35. Kh1 Ba5 36. Rb1 Re8 37. Nxf2 Bxc3 38. Ne4 Bxd4 39. Nd6 Rf8 40. Nxc4 h5 41. Rd1 Bc5 42. gxh5 Re8 43. Bb3 Nxh5 44. Nd6 Bxd6 45. Rxd6 Ng3+ 46. Kg2 Nxf5 47. Rd7 Re7 48. Rd8+ Kh7 49. Kf2 g6 50. Bc2 Nh6 51. Kf3 Kg7 52. Rd6 f6 53. a5 Nf7 54. Rd4 Rc7 55. Bb3 Ne5+ 56. Kg2 Nd7 57. Kf3 g5 58. a6 Kg6 59. Ke3 Rc6 0-1

[Event "Verbandsliga Suedbaden 2122"]
[Site "Baden"]
[Date "2022.03.13"]
[Round "7.3"]
[White "Doll, Stefan"]
[Black "Schulte, Juergen"]
[Result "1/2-1/2"]
[WhiteElo "2148"]
[BlackElo "2043"]
[PlyCount "109"]
[EventDate "2021.10.10"]
[EventType "team-tourn"]
[EventRounds "9"]
[EventCountry "GER"]
[SourceTitle "EXT 2023"]
[Source "ChessBase"]
[SourceDate "2022.10.05"]
[SourceVersion "1"]
[SourceVersionDate "2022.10.05"]
[SourceQuality "1"]
[WhiteTeam "Baden-Baden IV"]
[BlackTeam "Oberwinden"]
[WhiteTeamCountry "GER"]
[BlackTeamCountry "GER"]

1. e4 c5 2. Nf3 d6 3. Bb5+ Nc6 4. d4 cxd4 5. Qxd4 Bd7 6. Bxc6 bxc6 7. c4 e5 8. Qd3 Be7 9. Nc3 Qc7 10. 0-0 h6 11. Be3 Nf6 12. Rac1 0-0 13. h3 Rad8 14. Rfd1 Qb8 15. b4 Be6 16. Nd2 d5 17. cxd5 cxd5 18. exd5 Nxd5 19. Nxd5 Bxd5 20. Qa6 Qxb4 21. Rb1 Qd6 22. Qxd6 Bxd6 23. Nf3 Bxa2 24. Ra1 Bb3 25. Rdb1 Bd5 26. Rd1 Bxf3 27. gxf3 Bb8 28. Rxd8 Rxd8 29. Bxa7 Bxa7 30. Rxa7 g5 31. Re7 Rd5 32. Kg2 Kg7 33. Re8 f6 34. Ra8 Rd4 35. Re8 h5 36. Re6 h4 37. Ra6 Kg6 38. Rb6 Kf5 39. Ra6 Rd8 40. Rb6 Re8 41. Rb5 Re6 42. Rc5 Rd6 43. Ra5 Kf4 44. Ra4+ Rd4 45. Ra6 f5 46. Ra3 g4 47. fxg4 fxg4 48. Re3 gxh3+ 49. Rxh3 Kg4 50. Re3 e4 51. Rxe4+ Rxe4 52. f3+ Kf4 53. fxe4 Kxe4 54. Kh3 Ke5 55. Kxh4 1/2-1/2

[Event "Verbandsliga Suedbaden 1920"]
[Site "Baden"]
[Date "2020.02.16"]
[Round "6.5"]
[White "Schulte, Juergen"]
[Black "Malachowski, Margrit"]
[Result "1-0"]
[WhiteElo "2061"]
[BlackElo "2061"]
[PlyCount "157"]
[EventDate "2019.09.29"]
[EventType "team-tourn"]
[EventRounds "9"]
[EventCountry "GER"]
[SourceTitle "EXT 2021"]
[Source "ChessBase"]
[SourceDate "2020.10.23"]
[SourceVersion "1"]
[SourceVersionDate "2020.10.23"]
[SourceQuality "1"]
[WhiteTeam "Oberwinden"]
[BlackTeam "Dreilaendereck II"]
[WhiteTeamCountry "GER"]
[BlackTeamCountry "GER"]

1. d4 d5 2. c4 c6 3. Nf3 Nf6 4. Nc3 e6 5. e3 Be7 6. Bd3 dxc4 7. Bxc4 b5 8. Bd3 Bb7 9. 0-0 a6 10. e4 b4 11. Na4 c5 12. Nxc5 Bxc5 13. dxc5 Bxe4 14. Be2 Qxd1 15. Rxd1 Nbd7 16. Be3 0-0 17. Rac1 Rfc8 18. Rd6 Nb8 19. Ne5 Nc6 20. Nxc6 Bxc6 21. Rd4 a5 22. b3 h6 23. g4 Nd5 24. Bd2 Ra7 25. h4 Rac7 26. a3 Rb8 27. axb4 axb4 28. g5 hxg5 29. hxg5 Ra7 30. Bc4 Ra3 31. f4 Rba8 32. f5 Ra1 33. Rxa1 Rxa1+ 34. Kf2 Ra2 35. Kg3 Kf8 36. Bxd5 exd5 37. Bxb4 Rb2 38. Rd3 Ke7 39. Bc3 Rc2 40. b4 f6 41. Re3+ Kf7 42. gxf6 gxf6 43. Be1 d4 44. Rd3 Rg2+ 45. Kh4 Re2 46. Bd2 Re4+ 47. Kg3 Bb5 48. Ra3 d3 49. Ra7+ Re7 50. Rxe7+ Kxe7 51. Kf4 Bd7 52. Ke4 Bb5 53. Bc3 Kd7 54. Ke3 Ke7 55. Kd4 Kd7 56. Ke3 Ke7 57. Bd4 Kf7 58. Kd2 Ke7 59. Kc3 Kf7 60. Be3 Ke7 61. Kd4 Kd7 62. Bf4 Kc6 63. Bh6 Kd7 64. Kd5 Bc6+ 65. Kc4 Be4 66. b5 Bxf5 67. c6+ Kc7 68. Kc5 Kb8 69. b6 Bc8 70. Bf4+ Ka8 71. Kc4 Ba6+ 72. Kc3 f5 73. Kd2 Bc8 74. Kxd3 Ba6+ 75. Kd4 Bc8 76. Kc5 Ba6 77. Kd6 Kb8 78. Kd7+ Ka8 79. Kc7 1-0

[Event "Verbandsliga Suedbaden 1920"]
[Site "Baden"]
[Date "2020.02.02"]
[Round "5.5"]
[White "Malcher, Wilfried"]
[Black "Schulte, Juergen"]
[Result "1/2-1/2"]
[WhiteElo "2010"]
[BlackElo "2061"]
[PlyCount "31"]
[EventDate "2019.09.29"]
[EventType "team-tourn"]
[EventRounds "9"]
[EventCountry "GER"]
[SourceTitle "EXT 2021"]
[Source "ChessBase"]
[SourceDate "2020.10.23"]
[SourceVersion "1"]
[SourceVersionDate "2020.10.23"]
[SourceQuality "1"]
[WhiteTeam "Heitersheim"]
[BlackTeam "Oberwinden"]
[WhiteTeamCountry "GER"]
[BlackTeamCountry "GER"]

1. d4 d5 2. c4 e6 3. Nc3 c5 4. e3 Nf6 5. Nf3 Nc6 6. a3 cxd4 7. exd4 Be7 8. Bd3 0-0 9. 0-0 dxc4 10. Bxc4 a6 11. Bg5 Nd5 12. Bxe7 Ncxe7 13. Qb3 b5 14. Nxd5 exd5 15. Be2 Bg4 16. a4 1/2-1/2

[Event "Erfurt op-A 29th"]
[Site "Erfurt"]
[Date "2019.12.28"]
[Round "5"]
[White "Schmid, Anton"]
[Black "Schulte, Juergen"]
[Result "1-0"]
[WhiteElo "1783"]
[BlackElo "2062"]
[PlyCount "149"]
[EventDate "2019.12.26"]
[EventType "swiss"]
[EventRounds "8"]
[EventCountry "GER"]
[SourceTitle "CBM 194 Extra"]
[Source "ChessBase"]
[SourceDate "2020.03.31"]
[SourceVersion "1"]
[SourceVersionDate "2020.03.31"]
[SourceQuality "1"]

1. d4 Nf6 2. c4 e6 3. Nf3 d5 4. g3 dxc4 5. Bg2 Bd7 6. Ne5 Bc6 7. Nxc6 Nxc6 8. 0-0 Qd7 9. e3 Rd8 10. Qa4 Nd5 11. Qxc4 Be7 12. Nc3 0-0 13. Bd2 a6 14. Rfd1 f5 15. Rac1 Kh8 16. Nxd5 exd5 17. Qb3 b5 18. Qc2 Rf6 19. a3 Rc8 20. Qb3 Rd8 21. Qc2 Bf8 22. Be1 Rc8 23. Qb3 Ne7 24. Bb4 c6 25. Rc2 Ng6 26. Rdc1 Ra8 27. Qc3 Bxb4 28. axb4 Ne7 29. Ra1 Rff8 30. Ra3 Ra7 31. b3 Rfa8 32. h4 Qd6 33. Ra5 Kg8 34. Bf3 g6 35. Kg2 Kg7 36. Rc1 h6 37. Kf1 Rc7 38. Rca1 Rca7 39. Ke2 Qd7 40. Qc5 Nc8 41. Rc1 Ne7 42. Kd3 Qe6 43. Qb6 Qd6 44. Kc3 Nc8 45. Qc5 Qxc5+ 46. bxc5 Ne7 47. Kb4 Ng8 48. Rca1 Nf6 49. R5a2 Kf7 50. Ka5 Rb8 51. Rg1 Ne4 52. Bxe4 fxe4 53. f3 exf3 54. Rf1 Re8 55. Rxf3+ Kg7 56. Raf2 Rae7 57. Re2 Re4 58. Kxa6 g5 59. hxg5 hxg5 60. Kb7 R4e6 61. b4 Kg6 62. g4 R8e7+ 63. Kb6 Rh7 64. Rf8 Kg7 65. Rc8 Rhh6 66. Rc7+ Kg8 67. Ra2 Re8 68. Raa7 Rb8+ 69. Rab7 Rxb7+ 70. Kxb7 Rh4 71. Kxc6 Rxg4 72. Kxd5 Rg1 73. Ra7 g4 74. c6 g3 75. Ra2 1-0

[Event "Rheinland Pfalz op 11th"]
[Site "Weilerbach"]
[Date "2019.06.21"]
[Round "3"]
[White "Koellner, Ruben Gideon"]
[Black "Schulte, Juergen"]
[Result "1-0"]
[WhiteElo "2299"]
[BlackElo "2064"]
[PlyCount "77"]
[EventDate "2019.06.20"]
[EventType "swiss"]
[EventRounds "7"]
[EventCountry "GER"]
[SourceTitle "CBM 191 Extra"]
[Source "ChessBase"]
[SourceDate "2019.09.30"]
[SourceVersion "1"]
[SourceVersionDate "2019.09.30"]
[SourceQuality "1"]

1. d4 d5 2. Bf4 c5 3. e3 Nc6 4. c3 Nf6 5. Nd2 cxd4 6. exd4 g6 7. h3 Bg7 8. Ngf3 0-0 9. Be2 Ne4 10. Nxe4 dxe4 11. Ng5 Qd5 12. Qb3 e6 13. Qc2 f5 14. Qa4 Re8 15. Bc4 Qa5 16. Qxa5 Nxa5 17. Bb5 Nc6 18. 0-0-0 a6 19. Bxc6 bxc6 20. h4 h6 21. Nh3 a5 22. Rhg1 Ba6 23. Rd2 a4 24. a3 Ra7 25. f3 c5 26. Be3 cxd4 27. Bxd4 Bxd4 28. Rxd4 Bd3 29. Nf2 e5 30. Rd6 Kf7 31. fxe4 Bb5 32. h5 fxe4 33. Rxg6 e3 34. Ne4 e2 35. Nd6+ Kf8 36. Nxb5 Rf7 37. Re1 Rb8 38. c4 Rf4 39. Rxe2 1-0

[Event "Verbandsliga Suedbaden 1819"]
[Site "Baden"]
[Date "2019.05.05"]
[Round "9.2"]
[White "Schulte, Juergen"]
[Black "Merkel, Markus"]
[Result "1-0"]
[WhiteElo "2059"]
[BlackElo "2143"]
[PlyCount "115"]
[EventDate "2018.10.14"]
[EventType "team-tourn"]
[EventRounds "9"]
[EventCountry "GER"]
[SourceTitle "EXT 2020"]
[Source "ChessBase"]
[SourceDate "2019.10.17"]
[SourceVersion "1"]
[SourceVersionDate "2019.10.17"]
[SourceQuality "1"]
[WhiteTeam "Oberwinden"]
[BlackTeam "Heitersheim"]
[WhiteTeamCountry "GER"]
[BlackTeamCountry "GER"]

1. d4 Nf6 2. c4 g6 3. Nf3 Bg7 4. g3 0-0 5. Bg2 d6 6. 0-0 c6 7. Nc3 Qa5 8. e4 e5 9. Re1 Bg4 10. dxe5 dxe5 11. Be3 Rd8 12. Qc2 Nbd7 13. h3 Bxf3 14. Bxf3 Nf8 15. a3 Ne6 16. b4 Qc7 17. Ne2 a5 18. Rad1 h5 19. Bg2 Ne8 20. f4 axb4 21. axb4 exf4 22. gxf4 Bh6 23. Qc1 Qe7 24. f5 Bxe3+ 25. Qxe3 Nf8 26. c5 Qe5 27. Qg3 Qxg3 28. Nxg3 h4 29. Nf1 Ng7 30. Ne3 Rxd1 31. Rxd1 Ra4 32. Rd4 Ne8 33. Ng4 Kg7 34. Rd8 Nc7 35. f6+ Kg8 36. Nh6+ Kh7 37. Rxf8 Kxh6 38. Rxf7 Ne6 39. Rxb7 Ra1+ 40. Bf1 Re1 41. Rb8 Kh7 42. Re8 Ng5 43. e5 Nxh3+ 44. Kg2 Ng5 45. Kf2 Re4 46. b5 h3 47. Bxh3 Nxh3+ 48. Kf3 Ng5+ 49. Kg3 cxb5 50. c6 Rc4 51. c7 Ne4+ 52. Kg2 Rc2+ 53. Kf3 Ng5+ 54. Ke3 Rc3+ 55. Ke2 Nf7 56. Re7 Kg8 57. e6 Nd6 58. Rd7 1-0

[Event "Bamberg op 1st"]
[Site "Bamberg"]
[Date "2018.05.13"]
[Round "7"]
[White "Schulte, Juergen"]
[Black "Kraich, Klaus"]
[Result "0-1"]
[WhiteElo "2065"]
[BlackElo "2169"]
[PlyCount "58"]
[EventDate "2018.05.09"]
[EventType "swiss"]
[EventRounds "7"]
[EventCountry "GER"]
[SourceTitle "CBM 184 Extra"]
[Source "ChessBase"]
[SourceDate "2018.06.28"]
[SourceVersion "1"]
[SourceVersionDate "2018.06.28"]
[SourceQuality "1"]

1. d4 d5 2. c4 e6 3. Nc3 a6 4. cxd5 exd5 5. Nf3 Nf6 6. Bg5 Be6 7. e3 Nbd7 8. Qc2 h6 9. Bh4 g5 10. Bg3 Nh5 11. Bd3 Nxg3 12. hxg3 Bg7 13. Bf5 Qf6 14. g4 c6 15. 0-0-0 Bxf5 16. gxf5 0-0 17. e4 dxe4 18. Qxe4 Rfe8 19. Qg4 Qe7 20. Rde1 Qb4 21. Ne4 c5 22. Nfxg5 Qxd4 23. Nf3 Qxb2+ 24. Kd1 Qb1+ 25. Kd2 Qxa2+ 26. Kd1 Qb1+ 27. Kd2 Qb2+ 28. Kd1 Nf6 29. Nxf6+ Qxf6 0-1

[Event "Oberliga Baden 1617"]
[Site "Baden"]
[Date "2017.02.19"]
[Round "6.6"]
[White "Schulte, Juergen"]
[Black "Miltner, Arndt"]
[Result "1/2-1/2"]
[WhiteElo "2165"]
[BlackElo "2291"]
[PlyCount "81"]
[EventDate "2016.10.16"]
[EventType "team-tourn"]
[EventRounds "9"]
[EventCountry "GER"]
[SourceTitle "EXT 2018"]
[Source "ChessBase"]
[SourceDate "2017.10.13"]
[SourceVersion "1"]
[SourceVersionDate "2017.10.13"]
[SourceQuality "1"]
[WhiteTeam "Oberwinden"]
[BlackTeam "Buchen"]
[WhiteTeamCountry "GER"]
[BlackTeamCountry "GER"]

1. d4 d6 2. Nf3 Nf6 3. g3 Nbd7 4. Bg2 e5 5. 0-0 c6 6. a4 a5 7. Nc3 e4 8. Ng5 d5 9. f3 exf3 10. exf3 Be7 11. Re1 0-0 12. Nh3 h6 13. Be3 Re8 14. Nf4 Nf8 15. Qd2 Bf5 16. Nd3 Ne6 17. Ne2 Bd6 18. Ndf4 Qb6 19. c3 Ng5 20. Nd3 Re7 21. Nef4 Rae8 22. Ne5 Qc7 23. Nfd3 Nfh7 24. h4 Ne6 25. g4 Bxd3 26. Nxd3 Bg3 27. Bf2 Nhf8 28. Bxg3 Qxg3 29. Qf2 Qxf2+ 30. Kxf2 Ng6 31. Kg3 Nd8 32. Rxe7 Rxe7 33. h5 Nf8 34. Kf2 Nd7 35. Rb1 Nb6 36. b3 Kf8 37. Bf1 Ke8 38. Ne5 Nd7 39. Nd3 Nb6 40. Ne5 Nd7 41. Nd3 1/2-1/2

[Event "Oberliga Baden 1617"]
[Site "Baden"]
[Date "2016.10.16"]
[Round "1.6"]
[White "Kettner, Juergen"]
[Black "Schulte, Juergen"]
[Result "1-0"]
[WhiteElo "2226"]
[BlackElo "2165"]
[PlyCount "69"]
[EventDate "2016.10.16"]
[EventType "team-tourn"]
[EventRounds "9"]
[EventCountry "GER"]
[SourceTitle "EXT 2018"]
[Source "ChessBase"]
[SourceDate "2017.10.13"]
[SourceVersion "1"]
[SourceVersionDate "2017.10.13"]
[SourceQuality "1"]
[WhiteTeam "Ladenburg"]
[BlackTeam "Oberwinden"]
[WhiteTeamCountry "GER"]
[BlackTeamCountry "GER"]

1. d4 d5 2. Bf4 Nf6 3. e3 c5 4. c3 Nc6 5. Nd2 g6 6. Ngf3 cxd4 7. exd4 Bg7 8. Bb5 0-0 9. 0-0 Nh5 10. Bg5 Qd6 11. Re1 f6 12. Bh4 Bg4 13. h3 Bd7 14. c4 a6 15. Ba4 e6 16. Rc1 Bh6 17. Rc3 Rf7 18. cxd5 exd5 19. Nf1 Bf4 20. N3h2 Qb4 21. Bb3 Qd6 22. Ng4 Na5 23. g3 f5 24. Ne5 Rg7 25. gxf4 Nxb3 26. axb3 Nxf4 27. Bg5 Nh5 28. Nh2 Bb5 29. Qd2 Nf6 30. Rec1 h5 31. Bxf6 Qxf6 32. Qh6 Rh7 33. Rc8+ Be8 34. Rxa8 Rxh6 35. Rxe8+ 1-0

[Event "Oberliga Baden 1516"]
[Site "Baden"]
[Date "2016.01.31"]
[Round "6.6"]
[White "Schulte, Juergen"]
[Black "Werner, Clemens"]
[Result "0-1"]
[WhiteElo "2170"]
[BlackElo "2330"]
[PlyCount "72"]
[EventDate "2015.09.20"]
[EventType "team-tourn"]
[EventRounds "9"]
[EventCountry "GER"]
[SourceTitle "EXT 2018"]
[Source "ChessBase"]
[SourceDate "2017.10.13"]
[SourceVersion "1"]
[SourceVersionDate "2017.10.13"]
[SourceQuality "1"]
[WhiteTeam "Oberwinden"]
[BlackTeam "Karlsruhe SF"]
[WhiteTeamCountry "GER"]
[BlackTeamCountry "GER"]

1. d4 Nf6 2. c4 d6 3. Nc3 e5 4. Nf3 Nbd7 5. g3 g6 6. Bg2 Bg7 7. 0-0 0-0 8. Qc2 exd4 9. Nxd4 Nb6 10. b3 c5 11. Ndb5 a6 12. Na3 Bf5 13. Qd2 d5 14. Bb2 d4 15. Nd1 Qc7 16. f3 Rfe8 17. Nf2 Re7 18. Rfe1 Rae8 19. g4 Bc8 20. Nc2 Nfd7 21. Nd3 Ne5 22. Nxc5 Qxc5 23. Ba3 Qc7 24. Bxe7 Qxe7 25. Nxd4 Nexc4 26. bxc4 Nxc4 27. Qd3 Qc5 28. e3 Rxe3 29. Rxe3 Bxd4 30. Kh1 Nxe3 31. Re1 Bd7 32. h4 Bc6 33. g5 Qe5 34. Re2 Qf4 35. Rd2 Qxh4+ 36. Kg1 Qe1+ 0-1

[Event "Oberliga Baden 1516"]
[Site "Baden"]
[Date "2015.09.20"]
[Round "1.6"]
[White "Schulte, Juergen"]
[Black "Vogelbacher, Georg"]
[Result "1/2-1/2"]
[WhiteElo "2170"]
[BlackElo "2109"]
[PlyCount "77"]
[EventDate "2015.09.20"]
[EventType "team-tourn"]
[EventRounds "9"]
[EventCountry "GER"]
[SourceTitle "EXT 2018"]
[Source "ChessBase"]
[SourceDate "2017.10.13"]
[SourceVersion "1"]
[SourceVersionDate "2017.10.13"]
[SourceQuality "1"]
[WhiteTeam "Oberwinden"]
[BlackTeam "Waldshut Tiengen"]
[WhiteTeamCountry "GER"]
[BlackTeamCountry "GER"]

1. d4 Nf6 2. c4 e6 3. Nc3 d5 4. cxd5 exd5 5. Bg5 Nbd7 6. e3 Be7 7. Bd3 h6 8. Bf4 c6 9. Qc2 Nh5 10. Bg3 Nxg3 11. hxg3 Nf6 12. Nf3 Be6 13. 0-0-0 Qa5 14. Nd2 Qc7 15. Kb1 a5 16. Rc1 0-0 17. Nf3 Rfb8 18. Ne5 Qd6 19. Bf5 Bxf5 20. Qxf5 a4 21. g4 Qe6 22. Qxe6 fxe6 23. f3 Bd6 24. Nd3 a3 25. b3 Re8 26. Ne5 Bxe5 27. dxe5 Nd7 28. f4 c5 29. Nb5 Ra5 30. Nd6 Rb8 31. g5 hxg5 32. Rh5 gxf4 33. Rch1 Kf8 34. exf4 c4 35. bxc4 dxc4 36. Rg5 Kg8 37. Rgh5 Kf8 38. Rg5 Kg8 39. Rgh5 1/2-1/2

[Event "Rheinland Pfalz op 7th"]
[Site "Frankenthal"]
[Date "2015.06.07"]
[Round "7"]
[White "Schulte, Juergen"]
[Black "Stopa, Jacek"]
[Result "0-1"]
[WhiteElo "2145"]
[BlackElo "2540"]
[PlyCount "96"]
[EventDate "2015.06.04"]
[EventType "swiss"]
[EventRounds "7"]
[EventCountry "GER"]
[SourceTitle "EXT 2017"]
[Source "ChessBase"]
[SourceDate "2016.10.25"]
[SourceVersion "1"]
[SourceVersionDate "2016.10.25"]
[SourceQuality "1"]

1. d4 Nf6 2. c4 e6 3. Nc3 d5 4. cxd5 exd5 5. Bg5 Be7 6. Qc2 c6 7. e3 Nbd7 8. Bd3 0-0 9. Nge2 Re8 10. 0-0 Nf8 11. f3 Be6 12. Rad1 Rc8 13. Kh1 Nh5 14. Bxe7 Qxe7 15. e4 dxe4 16. fxe4 Qh4 17. Qd2 Ng6 18. Qe1 Qe7 19. Qf2 c5 20. Bb5 Rf8 21. d5 a6 22. Bd3 Bd7 23. Bc2 Qd6 24. Qf3 Nf6 25. Qg3 Qxg3 26. Nxg3 Ng4 27. Rde1 N4e5 28. Nf5 f6 29. Ne2 Rfd8 30. Neg3 Bxf5 31. Nxf5 Rd7 32. Rd1 Kf8 33. Kg1 Nc4 34. Bb3 Nd6 35. Nxd6 Rxd6 36. Rd2 b5 37. Bd1 Ne5 38. h3 c4 39. Bg4 Re8 40. Bf5 g6 41. Bg4 Nxg4 42. hxg4 Rxe4 43. Rfd1 Rxg4 44. Re1 Rg5 45. Rde2 Rgxd5 46. Re8+ Kg7 47. R1e7+ Kh6 48. Rh8 Kg5 0-1

[Event "Rheinland Pfalz op 7th"]
[Site "Frankenthal"]
[Date "2015.06.06"]
[Round "3"]
[White "Roelle, Philipp"]
[Black "Schulte, Juergen"]
[Result "0-1"]
[WhiteElo "1969"]
[BlackElo "2145"]
[PlyCount "68"]
[EventDate "2015.06.04"]
[EventType "swiss"]
[EventRounds "7"]
[EventCountry "GER"]
[SourceTitle "EXT 2017"]
[Source "ChessBase"]
[SourceDate "2016.10.25"]
[SourceVersion "1"]
[SourceVersionDate "2016.10.25"]
[SourceQuality "1"]

1. e4 c5 2. Nf3 d6 3. d4 cxd4 4. Nxd4 Nf6 5. Nc3 a6 6. Be3 e5 7. Nb3 Be6 8. f3 Nbd7 9. Qd2 Be7 10. 0-0-0 b5 11. g4 Nb6 12. g5 Nfd7 13. Na5 b4 14. Nd5 Nxd5 15. exd5 Qxa5 16. dxe6 fxe6 17. Kb1 0-0 18. Bh3 Nc5 19. Bxc5 Qxc5 20. Bxe6+ Kh8 21. Bd5 Rad8 22. Qg2 Rf4 23. Rd3 Rdf8 24. g6 h6 25. Rhd1 e4 26. Rb3 a5 27. Qe2 a4 28. Re3 exf3 29. Bxf3 Bf6 30. Bd5 Rd4 31. Red3 Qxd5 32. Rxd4 Bxd4 33. Qe7 Qf5 34. Re1 Be5 0-1

[Event "Rheinland Pfalz op 7th"]
[Site "Frankenthal"]
[Date "2015.06.06"]
[Round "2"]
[White "Schulte, Juergen"]
[Black "Schaum, Michael"]
[Result "1/2-1/2"]
[WhiteElo "2145"]
[BlackElo "1958"]
[PlyCount "56"]
[EventDate "2015.06.04"]
[EventType "swiss"]
[EventRounds "7"]
[EventCountry "GER"]
[SourceTitle "EXT 2017"]
[Source "ChessBase"]
[SourceDate "2016.10.25"]
[SourceVersion "1"]
[SourceVersionDate "2016.10.25"]
[SourceQuality "1"]

1. d4 Nf6 2. c4 c5 3. Nf3 cxd4 4. Nxd4 g6 5. Nc3 Bg7 6. e4 d6 7. Be2 Nc6 8. Nb3 0-0 9. 0-0 Be6 10. Be3 Ne5 11. Nd2 Bg4 12. f3 Bd7 13. Rc1 Bc6 14. Nb3 b6 15. Nd4 Bb7 16. Qd2 Re8 17. Rfd1 Ned7 18. Qe1 Rc8 19. b3 Qc7 20. Kh1 Qb8 21. Qh4 a6 22. Qf2 e6 23. Bf1 d5 24. cxd5 exd5 25. exd5 Rxc3 26. Rxc3 Nxd5 27. Rcd3 Nc5 28. Bc1 Nxd3 1/2-1/2

[Event "Rheinland Pfalz op 7th"]
[Site "Frankenthal"]
[Date "2015.06.06"]
[Round "5"]
[White "Tresch, Lukas"]
[Black "Schulte, Juergen"]
[Result "0-1"]
[WhiteElo "2013"]
[BlackElo "2145"]
[PlyCount "28"]
[EventDate "2015.06.04"]
[EventType "swiss"]
[EventRounds "7"]
[EventCountry "GER"]
[SourceTitle "EXT 2017"]
[Source "ChessBase"]
[SourceDate "2016.10.25"]
[SourceVersion "1"]
[SourceVersionDate "2016.10.25"]
[SourceQuality "1"]

1. e4 c5 2. c3 d5 3. exd5 Qxd5 4. d4 g6 5. Nf3 Bg7 6. Na3 cxd4 7. Bc4 Qe4+ 8. Be3 Nh6 9. Nb5 0-0 10. Bd3 Qc6 11. cxd4 Na6 12. Rc1 Qd7 13. 0-0 Nf5 14. Bb1 Qxb5 0-1

[Event "Erfurt op MT 23rd"]
[Site "Erfurt"]
[Date "2013.12.26"]
[Round "1"]
[White "Smerdon, David"]
[Black "Schulte, Juergen"]
[Result "1/2-1/2"]
[WhiteElo "2523"]
[BlackElo "2159"]
[PlyCount "70"]
[EventDate "2013.12.26"]
[EventType "swiss"]
[EventRounds "8"]
[EventCountry "GER"]
[SourceTitle "EXT 2016"]
[Source "ChessBase"]
[SourceDate "2015.10.08"]
[SourceVersion "1"]
[SourceVersionDate "2015.10.08"]
[SourceQuality "1"]

1. e4 c5 2. c3 d5 3. exd5 Qxd5 4. d4 g6 5. Nf3 Bg7 6. Na3 Nf6 7. Bc4 Qe4+ 8. Be3 0-0 9. 0-0 Bg4 10. Bd3 Qd5 11. Be2 cxd4 12. cxd4 Nc6 13. h3 Bf5 14. Rc1 e6 15. Qa4 Rac8 16. Nd2 h5 17. Bf3 Qd7 18. Rc5 Nd5 19. Rfc1 Rcd8 20. g4 hxg4 21. hxg4 Nxe3 22. fxe3 Qd6 23. Kg2 Nxd4 24. gxf5 Nxf5 25. Nf1 Nxe3+ 26. Nxe3 Qd2+ 27. Kf1 Qxe3 28. R5c3 Bxc3 29. Rxc3 Rd3 30. Rxd3 Qxd3+ 31. Be2 Qh3+ 32. Kf2 Qh2+ 33. Kf3 Qh3+ 34. Kf2 Qh2+ 35. Kf3 Qh3+ 1/2-1/2

[Event "Dresden ZMD op"]
[Site "Dresden"]
[Date "2008.07.27"]
[Round "9"]
[White "Schulte, Juergen"]
[Black "Barz, Hans Werner"]
[Result "1/2-1/2"]
[WhiteElo "2166"]
[BlackElo "2048"]
[PlyCount "82"]
[EventDate "2008.07.19"]
[EventType "swiss"]
[EventRounds "9"]
[EventCountry "GER"]
[SourceTitle "CBM 125 Extra"]
[Source "ChessBase"]
[SourceDate "2008.09.01"]
[SourceVersion "1"]
[SourceVersionDate "2008.09.01"]
[SourceQuality "1"]

1. e4 c5 2. c3 g6 3. d4 cxd4 4. cxd4 d5 5. exd5 Nf6 6. Bb5+ Nbd7 7. Nc3 Bg7 8. Nf3 0-0 9. Bf4 Nb6 10. d6 exd6 11. 0-0 a6 12. Bd3 Nfd5 13. Bg5 Bf6 14. Bh6 Re8 15. Ne4 Bg7 16. Bg5 f6 17. Bd2 Be6 18. a4 Rc8 19. b3 Rc6 20. a5 Nc8 21. Re1 Rc7 22. Bc4 Rce7 23. Qc2 Bf7 24. b4 Na7 25. Qb3 Rxe4 26. Rxe4 Rxe4 27. Bxd5 Re7 28. Bxf7+ Rxf7 29. d5 Nb5 30. Be3 Qd7 31. Rc1 h6 32. h3 f5 33. Qd3 Kh7 34. Rc4 Bf6 35. Qd2 Na3 36. Rc1 g5 37. Nd4 Bxd4 38. Bxd4 Nb5 39. Ba1 Qe8 40. Re1 Re7 41. Rxe7+ Qxe7 1/2-1/2

[Event "Dresden ZMD op"]
[Site "Dresden"]
[Date "2008.07.26"]
[Round "8"]
[White "Heinig, Wolfram"]
[Black "Schulte, Juergen"]
[Result "1-0"]
[WhiteElo "2332"]
[BlackElo "2166"]
[PlyCount "47"]
[EventDate "2008.07.19"]
[EventType "swiss"]
[EventRounds "9"]
[EventCountry "GER"]
[SourceTitle "CBM 125 Extra"]
[Source "ChessBase"]
[SourceDate "2008.09.01"]
[SourceVersion "1"]
[SourceVersionDate "2008.09.01"]
[SourceQuality "1"]

1. Nf3 Nf6 2. g3 g6 3. Bg2 Bg7 4. 0-0 0-0 5. c4 d6 6. Nc3 e5 7. d4 exd4 8. Nxd4 Nbd7 9. b3 Re8 10. Bb2 Ne5 11. Qd2 Rb8 12. Rad1 Bd7 13. Nd5 a6 14. Bc3 Qc8 15. Rfe1 Bh3 16. Nxc7 Bxg2 17. Nxe8 Ne4 18. Nxd6 Qh3 19. Nxe4 Ng4 20. Nf3 Bxf3 21. exf3 Nxh2 22. Ng5 Bxc3 23. Qxc3 Qh5 24. Kg2 1-0

[Event "Dresden ZMD op"]
[Site "Dresden"]
[Date "2008.07.24"]
[Round "6"]
[White "Duenzel, Jonas"]
[Black "Schulte, Juergen"]
[Result "0-1"]
[WhiteElo "1999"]
[BlackElo "2166"]
[PlyCount "62"]
[EventDate "2008.07.19"]
[EventType "swiss"]
[EventRounds "9"]
[EventCountry "GER"]
[SourceTitle "CBM 125 Extra"]
[Source "ChessBase"]
[SourceDate "2008.09.01"]
[SourceVersion "1"]
[SourceVersionDate "2008.09.01"]
[SourceQuality "1"]

1. e4 c5 2. Nf3 d6 3. d4 cxd4 4. Nxd4 Nf6 5. Nc3 a6 6. Be3 e5 7. Nf3 Qc7 8. a4 Be7 9. a5 Nbd7 10. Bd3 0-0 11. 0-0 Nc5 12. b4 Nxd3 13. Qxd3 Be6 14. Bb6 Qc6 15. Rfd1 Rac8 16. Ra3 Bc4 17. Qe3 Nd7 18. Na4 Nf6 19. Nc3 Bd8 20. Bxd8 Rfxd8 21. Rd2 h6 22. h3 Be6 23. g4 Qc4 24. Rb3 Qc7 25. Ra3 Qe7 26. Na4 Rc4 27. Qb6 Nxe4 28. Re2 Nf6 29. Rd2 Nd5 30. Qa7 Nxb4 31. c3 Nd5 0-1